000 00487nam a2200181Ia 4500
001 13248
005 20260306163039.0
008 260306t2011||||xx |||||||||||||| ||spa||
041 _aESP
082 _a001.42
_bG63
100 _aGómez Mendoza, Miguel Ángel
_eAUT
245 0 _aCómo hacer tesis de maestría y doctorado:
_binvestigación, escritura y publicación
260 _c2011
300 _a188 páginas :
_c
650 _aGEN
654 _aCHU
942 _cLIB
_dJUS
_fJUS
_2ddc
_n
999 _c13248
_d13248